[Event "Altensteig"]
[Site "Altensteig"]
[Date "1994.??.??"]
[Round "8"]
[White "Bischoff, Klaus"]
[Black "Almasi, Zoltan"]
[Result "1-0"]
[WhiteElo "2525"]
[BlackElo "2620"]
[Annotator "Dautov,R"]
[PlyCount "77"]
[EventDate "1994.08.??"]
[EventType "tourn"]
[EventRounds "11"]
[EventCountry "GER"]
[EventCategory "12"]
[SourceTitle "CBM 043"]
[Source "ChessBase"]
[SourceDate "1994.12.01"]
[SourceVersion "1"]
[SourceVersionDate "1994.12.01"]
[SourceQuality "1"]

1. d4 Nf6 2. c4 e6 3. Nc3 Bb4 4. Qc2 O-O 5. a3 Bxc3+ 6. Qxc3 b6 7. Bg5 Bb7 8.
e3 d6 9. f3 Nbd7 10. Nh3 c5 11. O-O-O $6 (11. dxc5 bxc5 12. Be2 {/\0-0}) 11...
h6 12. Bh4 d5 $1 (12... Rc8 13. Kb1 $6 (13. dxc5 $142 $1) 13... d5 14. cxd5
Nxd5 15. Qe1 Qc7 16. Rc1 Qc6 17. e4 Nc7 18. dxc5 bxc5 19. Bf2 Ba6 20. Bxa6 Qxa6
21. Nf4 Rb8 22. Qc3 Qa4 $40 {Yrjola-Georgiev,Ki/Komotini op/1992}) (12... cxd4
$5 13. Qxd4 d5 14. cxd5 Bxd5 15. Kb1 Qc7 16. Ba6 e5 17. Qd2 $14) 13. dxc5 bxc5
(13... Nxc5 $5 14. Bxf6 Qxf6 15. Qxf6 gxf6 $10) 14. Kb1 Qb6 15. Nf2 Rfe8 (15...
Rab8 $5 16. Bg3 e5 17. Bxe5 Nxe5 18. Qxe5 Rfe8 $1 (18... d4 $6 19. Nd3 Rfe8 20.
Qxc5 dxe3 21. Qxb6 axb6 22. Be2 $16) 19. Qc3 Qe6 $44) 16. Be2 Rab8 17. Rc1 e5
$6 (17... Ba6 $1 18. Rhd1 dxc4 19. e4 Nd5 $1 20. exd5 exd5 21. Ne4 d4 22. Qc2
c3 23. Bxa6 Rxe4 24. fxe4 Qxa6 $17) 18. Qd2 d4 19. e4 $10 Nh7 (19... g5 $5 20.
Bg3 Nh5 21. Nd3 Nf4 22. h4 Nxe2 23. Qxe2 Qg6 24. hxg5 hxg5 $13) 20. g4 Bc6 21.
Bd1 Qa6 $6 (21... Ng5 22. Bxg5 (22. Nd3 $2 Nxe4 23. fxe4 Bxe4 24. Be2 Bxh1 25.
Rxh1 e4 $17) 22... hxg5 23. Nd3 f6 24. h4 gxh4 25. g5 $14) (21... a5 $1 22. Nd3
(22. a4 Qb4 23. Qxb4 cxb4 24. c5 Rbc8 25. Nd3 Bb7 26. Bb3 Nhf8 $15 {><c5})
22... a4 23. Bg3 f6 24. h4 Rb7 $10) 22. Ka2 Qb6 (22... Ba4 23. b3) 23. Nd3 a5
24. a4 $1 {><a5} Rb7 25. b3 Reb8 26. Be1 Ng5 $6 (26... Ra7 27. h4 f6 28. Qh2
Ndf8 $14) 27. Rf1 $1 Ra7 28. h4 Ne6 29. g5 $16 hxg5 (29... h5 30. Bg3 Qc7 31.
Qh2 f6 32. gxf6 gxf6 33. Qg2 Kh7 34. f4 $16) 30. hxg5 Nf4 31. Nxf4 exf4 32.
Qxf4 Bxa4 33. Rb1 Bc6 34. Rh1 Nf8 (34... a4 $2 35. b4 cxb4 36. Rxb4 Qc7 37. Qh4
$18) 35. Bc2 Ng6 36. Qh2 d3 $2 (36... Rd7 37. Bd3 Re8 $16 {/\} 38. Bg3 $2 a4
39. Bd6 axb3+ 40. Rxb3 Ra8+ 41. Kb2 Qxb3+ $1 42. Kxb3 Rb7+ 43. Kc2 Ra2+ 44. Kc1
Rxh2 45. Rxh2 Rb3 $132) 37. Bxd3 $18 Rd8 38. Bc2 Bd7 39. Bc3 1-0

[Event "Groningen PCA"]
[Site "Groningen"]
[Date "1993.??.??"]
[Round "8"]
[White "Alterman, Boris"]
[Black "Ehlvest, Jaan"]
[Result "1-0"]
[WhiteElo "2585"]
[BlackElo "2620"]
[Annotator "Dautov,R"]
[PlyCount "97"]
[EventDate "1993.12.??"]
[EventType "swiss"]
[EventRounds "11"]
[EventCountry "NED"]
[SourceTitle "CBM 039"]
[Source "ChessBase"]
[SourceDate "1994.04.01"]
[SourceVersion "1"]
[SourceVersionDate "1994.04.01"]
[SourceQuality "1"]

1. d4 Nf6 2. c4 e6 3. Nc3 Bb4 4. Qc2 O-O 5. a3 Bxc3+ 6. Qxc3 b6 7. Bg5 c5 8.
dxc5 bxc5 9. e3 Nc6 10. Bd3 Rb8 (10... Qa5 11. Qxa5 (11. Bxf6 gxf6 12. Ne2 {>=}
) 11... Nxa5 12. b4 cxb4 13. axb4 Nc6 14. b5 Nb4 15. Kd2 Nxd3 16. Kxd3 Ng4 17.
Ke2 Ne5 18. Ra4 d5 19. c5 f6 20. Bf4 Rb8 21. Ra5 Rxb5 $1 22. Rxb5 Ba6 $17 {
Peicheva-Galliamova/Oakham/1990}) 11. Ne2 (11. O-O-O $5 {Seirawan}) (11. Nf3 h6
(11... Qa5 12. Qxa5 Nxa5 13. b4 $1 $16) 12. Bh4 d6 13. O-O Qe7 14. Rfd1 $14 {
Seirawan-Hjartarson/Barselona/1989}) 11... Qa5 12. Bxf6 $1 {N} (12. Rb1 $6 Ba6
13. Bf4 Rb3 $15 {Nogueiras-van der Wiel/Thessaloniki ol/1988}) 12... gxf6 13.
O-O-O Qxc3+ (13... Kg7 $5 {/\Ba6}) 14. Nxc3 {/\Ne4} f5 $8 15. h3 $1 {/\g4} Ba6
(15... Ne5 16. Be2 {/\f4} Ba6 (16... Rd8 17. f4 Ng6 18. g4 $16) 17. f4 Nxc4 18.
Rxd7 Bc8 19. Rxa7 Nxe3 (19... Nxb2 $2 20. Bb5 $18) 20. Bf3 $1 Nc4 21. Na4 $16)
16. g4 Ne5 17. Bc2 $1 (17. gxf5 Bxc4 18. Rhg1+ Kh8 19. Bxc4 Nxc4 20. Rxd7 exf5
$13) (17. Be2 fxg4 18. hxg4 Bxc4 19. Bxc4 Nxc4 $13) 17... Bb7 (17... Bxc4 18.
f4 Nc6 19. Rxd7 $16) (17... Nxc4 18. Rxd7 Rxb2 19. gxf5 exf5 20. Rg1+ Kh8 21.
Rxa7 $16) 18. Rhg1 fxg4 19. f4 $1 (19. hxg4 $2 Bf3 $13) 19... Ng6 20. hxg4 $16
{><d7,h7} Rfd8 (20... Bc6 $2 21. Be4 $1 $16) 21. Rd2 Kg7 (21... Bc6 22. Be4
Rbc8 23. Rgd1 Bxe4 24. Nxe4 Nf8 25. Nf6+ Kg7 26. Nxd7 $18) 22. g5 (22. Be4 Ba6
23. Rgd1 Nf8) (22. Rgd1 Bf3) 22... Nh4 $5 (22... f6 23. Be4 $1 (23. Rgd1 Nf8)
23... Ba6 (23... fxg5 24. Rxg5 d6 25. Bxb7 Rxb7 26. Rxc5 $16) 24. gxf6+ Kxf6
25. Bxg6 hxg6 26. Ne4+ Kg7 27. Rdg2 $18) 23. Rh2 Nf5 24. Bxf5 exf5 25. Rg3 $6 (
25. Ne2 $1 {>=} d5 26. Ng3 (26. cxd5 Bxd5 27. Ng3 Be4 28. Nh5+ Kf8 29. Nf6 Rb3
$132) (26. Rgh1 $5) 26... dxc4 27. Nxf5+ Kh8 (27... Kg6 $2 28. e4 $1 Bxe4 29.
Rh6+ Kxf5 30. Rf6#) 28. Rc2 Be4 29. Nh6 $16) 25... Ba6 26. Rgh3 Rh8 (26... Bxc4
27. Rxh7+ Kf8 28. e4 fxe4 29. f5 $36 {/\} d5 $2 30. f6 $1 Ke8 31. g6 $1 Kd7 32.
g7 $1 Ke6 33. Rh8 Kxf6 34. Rxd8 Rxd8 35. Rh8 $18) 27. Rd2 Rb7 28. e4 Bxc4 $2 (
28... fxe4 {>=} 29. Nxe4 Bxc4 30. Nd6 Rb3 $8 31. Nf5+ Kg6 32. Ne7+ Kg7 33. Rxb3
Bxb3 34. Rxd7 $14) 29. exf5 Bb3 (29... h5 $142 $16) 30. Rh6 $1 d5 (30... Re8
31. f6+ Kg8 32. Rdh2 $18) 31. f6+ Kf8 32. Nxd5 $18 Rd7 33. Ne3 Ke8 34. Nf5 Kd8
35. Rxd7+ Kxd7 36. Kd2 a5 37. Rh3 a4 38. Rd3+ Kc6 39. Ne7+ Kb5 40. f5 Kc4 41.
Nc6 Rg8 42. g6 $1 hxg6 43. fxg6 fxg6 44. Rd8 Rxd8+ 45. Nxd8 Kd4 46. f7 Bxf7 47.
Nxf7 Ke4 48. Kc2 Kd4 49. Ng5 (49. Ng5 Kc4 50. Ne6 Kd5 51. Nf4+ $18) 1-0

[Event "Bayern-chI Bank Hofmann 5th"]
[Site "Bad Wiessee"]
[Date "2001.11.03"]
[Round "8"]
[White "Dautov, Rustem"]
[Black "Ibragimov, Ildar"]
[Result "1/2-1/2"]
[WhiteElo "2630"]
[BlackElo "2579"]
[Annotator "Dautov,R"]
[PlyCount "65"]
[EventDate "2001.10.27"]
[EventType "swiss"]
[EventRounds "9"]
[EventCountry "GER"]
[SourceTitle "CBM 086"]
[Source "ChessBase"]
[SourceDate "2002.02.05"]
[SourceVersion "1"]
[SourceVersionDate "2002.02.05"]
[SourceQuality "1"]

1. d4 Nf6 2. c4 e6 3. Nc3 Bb4 4. Qc2 O-O 5. a3 Bxc3+ 6. Qxc3 b6 7. Bg5 Bb7 8.
f3 h6 9. Bh4 d5 10. e3 Nbd7 11. cxd5 Nxd5 12. Bxd8 Nxc3 13. Bh4 Nd5 14. Bf2 f5
{Soweit eine bekannte theoretische Variante. Weiß hofft, aus seinem Läuferpaar
Kapital zu schlagen.} 15. Bd3 ({Genauer ist} 15. Bb5 $1 c6 16. Bd3 {Der Bauer
c6 hindert die Aktivität des schwarzen Läufers (vgl. mit der Texpartie).} e5
17. Ne2 Rae8 18. O-O e4 19. fxe4 fxe4 20. Bc4 $14 N7f6 21. h3 Bc8 22. Nf4 Kh7
23. Nxd5 Nxd5 24. Rfe1 Be6 25. Rac1 Rf6 26. Bg3 Ne7 27. Be2 Bd5 28. Be5 Rf7 29.
Rf1 $14 {Alterman,B-Psakhis,L/Israel (ch) 1994}) 15... e5 (15... c5 16. Ne2 $14
) 16. Ne2 Rae8 17. O-O e4 (17... exd4 18. exd4 N7f6 (18... Re7 19. Rfe1 Rf6 20.
Nc3 Kf8 21. Rxe7 Kxe7 22. Re1+ Kd8 23. Bc4 c6 24. Nxd5 cxd5 25. Bd3 $14 {
Jelen,I-Palac,M/Bled 1996}) 19. Rfe1 f4 20. Bg6 Re7 21. Nc3 Rd7 22. Bf5 Rdd8
23. Re5 $14 {Salov,V-Anand,V/Paris 1991}) 18. fxe4 fxe4 19. Bc4 N7f6 20. Nc3
Kh7 21. Nxd5 Bxd5 $1 {Dieser Zug betont den Unterschied zwischen 15.Bd3 und 15.
Bb5 c6 16.Bd3. Der schwarze Läufer bekommt ohne Umwege den prächtigen Posten
d5.} (21... Nxd5 $2 22. Rac1 {siehe 23.Rac1.}) 22. Be2 Bb7 $2 ({Konsequenter
und besser war} 22... c6 $1 23. b4 (23. Bg3 Rf7 24. a4 $5 a5 25. Rfb1 Be6 26.
b4 axb4 27. Rxb4 Nd5 $11) 23... b5 $1 (23... Rf7 $6 24. a4 $14 {/\Rfc1,b5}) 24.
a4 a6 $14) 23. b4 $6 {Während der Partie hielt ich es für angebracht, a7-a5 zu
verhindern, was in Wirklichkeit nicht wichtig war. Außerdem schwächt der
Textzug das Feld c4, was Schwarz unter Umständen mit a6 und b5 ausnutzen kann.}
({Besser war} 23. Rac1 Nd5 24. Bc4 Re7 25. Rfe1 Rff7 (25... c6 26. Bg3 $14 {
/\Ba2-b1, Be5 ><e4}) 26. Bh4 g5 27. Bg3 a5 $6 28. Ba2 $14 {, und in den
nächsten Zügen kann Weiß sowohl mittels Be5 und Bb1 den Bauern e4 angreifen,
als auch mit Re2-f2 den für ihn günstigen Turmabtausch erzwingen. Schwarz
steht passiv und ist vollkommen an seine zwei Schwächen c7 und e4 gebunden.})
23... Nd5 24. Bc4 a6 $1 25. Rac1 Re7 26. Ba2 $2 {Nach dieser oberflächlichen
Fortsetzung bekommt Schwarz erneut die Gelegenheit, seinen Läufer zu
aktivieren.} ({Richtig war} 26. Rfe1 $1 {, um vor dem Abzug des Bc4 den Bauern
c7 mit 27.Bg3 aufs Korn zu nehmen.} Rd8 (26... b5 $6 27. Bb3 Nb6 28. Rc5 Rd7
29. Bg3 $16) (26... Rff7 27. Bg3 $14) 27. Bg3 Rdd7 28. Be5 $1 $14 {, und die
weißen Figuren stehen optimal.} b5 $6 29. Bb3 Nb6 30. Rc5 Bd5 31. Bxd5 Nxd5 32.
Rc6 $16) 26... g5 27. Rfe1 Nf6 $1 {/\Bd5} 28. Bg3 Bd5 {Gerade rechtzeitig!} 29.
Bb1 Rff7 30. Re2 (30. a4 b5 $11) 30... b5 $1 $11 {Nun bekommt Weiß die
Nachteile seines 23.Zuges zu spüren. Schwarz fixiert die Bauernstruktur am
Damenflügel.} 31. Rc5 $6 c6 32. h3 Nd7 33. Rc3 (33. Rc3 Nb6 $11) 1/2-1/2

[Event "Nussloch"]
[Site "Nussloch"]
[Date "1996.??.??"]
[Round "4"]
[White "Dautov, Rustem"]
[Black "Lutz, Christopher"]
[Result "1-0"]
[WhiteElo "2615"]
[BlackElo "2555"]
[Annotator "Dautov,R"]
[PlyCount "57"]
[EventDate "1996.??.??"]
[EventType "tourn"]
[EventRounds "11"]
[EventCountry "GER"]
[EventCategory "15"]
[SourceTitle "CBM 053"]
[Source "ChessBase"]
[SourceDate "1996.08.01"]
[SourceVersion "1"]
[SourceVersionDate "1996.08.01"]
[SourceQuality "1"]

1. d4 Nf6 2. c4 e6 3. Nc3 Bb4 4. Qc2 O-O 5. a3 Bxc3+ 6. Qxc3 b6 7. Bg5 c5 8.
dxc5 bxc5 9. e3 d6 10. Bd3 Nbd7 11. Nf3 Qb6 12. O-O Rb8 13. Rab1 Bb7 {N} (13...
a5 14. b3 (14. Bc2 Bb7 15. Nd2 d5 16. Rfc1 h6 17. Bh4 Rfc8 18. cxd5 Bxd5 19.
Nc4 Qa6 20. Nxa5 c4 21. f3 Rc5 22. Be1 Rbb5 23. e4 Rxa5 24. exd5 Nxd5 $13 {
Chabanon,JL-Goldin,A/Paris (09) 1994}) 14... Ba6 15. Rfd1 d5 16. Ne5 d4 17.
exd4 cxd4 18. Qe1 Nxe5 19. Qxe5 Nd7 20. Qg3 f6 21. Bf4 Rbc8 22. Bd6 Rf7 23.
Rdc1 e5 24. c5 Qc6 25. Bf5 $16 {Georgiev,Ki-Aseev,K (01)/Paris PCA-Intel GP 
(01) ;EXP 49 1995}) 14. Nd2 a5 15. b3 d5 $2 (15... Rfc8 $142 $14) 16. cxd5 exd5
(16... Nxd5 17. Qc2 h6 18. Nc4 Qc7 19. Bh4 $16) 17. Rfc1 $16 {/\Bxf6,><c5,a5}
d4 (17... Rfc8 18. Bf5 $16) 18. exd4 Nd5 $2 (18... cxd4 19. Qc7 Qxc7 20. Rxc7
Ne5 21. Bxf6 gxf6 22. Bf5 Bc8 23. Bxc8 Rfxc8 24. Rbc1 Rxc7 25. Rxc7 $16) 19.
Qc2 h6 20. Nc4 $1 (20. dxc5 Qc6 21. Bh4 Nc3 22. f3 Nxb1 23. Nxb1 $16) 20... Qa7
(20... Qe6 21. Bf5 $18) (20... Qc7 21. Bh4 cxd4 22. Bg3 Nf4 23. Bf1 (23. Qd2
Qc6 24. f3 Nxd3 25. Qxd3 Rbc8 26. Qxd4 $16) 23... g5 24. Qd2 $16) 21. Bd2 a4
22. Ne5 $1 $18 axb3 23. Rxb3 Nxe5 24. dxe5 Ba8 (24... Rfc8 25. Rcb1 $18) 25.
Rxb8 Qxb8 26. Qxc5 Re8 (26... Qxe5 $2 27. Bh7+) 27. Qd4 Ne7 28. e6 $1 fxe6 29.
Bc3 (29. Bc3 e5 30. Qxe5 Qxe5 31. Bxe5 $18) 1-0

[Event "Groningen"]
[Site "Groningen"]
[Date "1995.??.??"]
[Round "3"]
[White "Sokolov, Ivan"]
[Black "Almasi, Zoltan"]
[Result "1-0"]
[WhiteElo "2630"]
[BlackElo "2630"]
[Annotator "Dautov,R"]
[PlyCount "65"]
[EventDate "1995.12.??"]
[EventType "tourn"]
[EventRounds "11"]
[EventCountry "NED"]
[EventCategory "17"]
[SourceTitle "CBM 051"]
[Source "ChessBase"]
[SourceDate "1996.04.01"]
[SourceVersion "1"]
[SourceVersionDate "1996.04.01"]
[SourceQuality "1"]

1. d4 {Sokolov,I Baburin Ftacnik Fritz} Nf6 2. c4 e6 3. Nc3 Bb4 4. Qc2 O-O 5.
a3 Bxc3+ 6. Qxc3 b6 7. Bg5 Bb7 8. e3 d6 9. f3 Nbd7 10. Bd3 c5 11. Ne2 Rc8 12.
Qb3 {Ftacnik: Black's setup has become rather irritating for white, since c4P
is a perfect hit target. The Q at least sidesteps opposition with the R onb
the c file.} (12. Qd2) (12. b4) 12... cxd4 (12... h6 13. Bh4 cxd4 (13... d5 {
Ftacnik} 14. cxd5 Bxd5 15. Qd1 (15. Qa4 cxd4 (15... Bc6 16. Qd1 b5 17. O-O Qb6
18. Rc1 Bb7 19. Bb1 cxd4 20. Qxd4 Qxd4 21. Nxd4 a6 22. Bxf6 {1/2-1/2 Hoffmann,
M-De Firmian,N/Biel op (08)/1994/}) 16. exd4 Bc6 17. Qd1 b5 (17... Qc7 18. O-O
Qb7 19. Re1 Nd5 $10 {Agdestein,S-Hjartarson,J/Groningen/1993/0,5/73/}) 18. O-O
Qb6 19. Bf2 Qb7 20. Ng3 Nb6 $10 {Sokolov,I-Adams,M/Preston/1989/0,5/27/}) 15...
cxd4 16. Nxd4 Bc4 17. O-O a6 18. Rc1 b5 19. Bxc4 Rxc4 20. Rxc4 bxc4 21. Qa4 {
Sokolov,I-Georgiev,Ki/Burgas 1992} Qb6 22. Qxc4 Qxb2 23. Qxa6 Nd5 24. Bf2 Nc5
25. Qd6 Nd3 26. Nxe6 fxe6 27. Qxe6+ Kh8 28. Qxd5 Nxf2 29. Qc5 Nh3+ 30. Kh1 Nf2+
31. Kg1 Nh3+ 32. Kh1 {1/2-1/2 Sokolov,I-Georgiev,Ki/Elenite (02)/1992/}) 14.
exd4 d5 15. c5 (15. O-O $142 $1 Ba6 16. cxd5 Bxd3 17. Qxd3 exd5 18. Nc3 $14) (
15. cxd5 Bxd5) 15... Ba8 16. Ba6 Rc7 17. Bg3 (17. cxb6 Rc6 $1 $15) 17... bxc5
$1 (17... Rc6 18. Bb5 Rc8 19. Ba6) 18. Bxc7 Qxc7 19. Qc3 e5 20. Bd3 exd4 21.
Nxd4 Re8+ 22. Kf1 Qb6 $36 {Lautier,J-Karpov,An/Linares 1995}) 13. exd4 d5 (
13... e5 {Ftacnik} 14. Bf5 Rc7 15. Qb4 $1 h6 16. Bh4 d5 17. cxd5 Bxd5 18. O-O
exd4 19. Nxd4 Rc4 20. Qd2 Nc5 21. Rad1 Nb3 22. Qf2 Nxd4 23. Rxd4 Rxd4 24. Qxd4
$14 {Drasko,M-Tozer,R/Budapest Spring op (2)/1990/1-0 (52)}) 14. O-O (14. cxd5
{Ftacnik} Bxd5 15. Qd1 Bc4 16. O-O b5 17. Rc1 Qb6 18. Kh1 Nd5 19. Nc3 Nxc3 20.
Rxc3 Qd6 21. Bxc4 Rxc4 22. Rxc4 {1/2-1/2 Kumaran,D-Holmsgaard,H/Gausdal PG (01)
;EXT 94 1994}) 14... dxc4 15. Bxc4 h6 16. Bh4 Nb8 {Baburin: An interesting,
although known idea - Black obtains better control over d5 and a6 squares. The
problem with this move is obvious - the Knight might be needed on the Kingside,
which Ivan Sokolov managed to prove in the game.} (16... Qc7 17. Rac1 Qb8 18.
Bg3 Qa8 19. Nc3 $14) (16... a6 {Ftacnik} 17. a4 Qe7 18. Rac1 Bd5 19. Bxd5 exd5
20. Qd3 $14 {Abramov,S-Appolonov,S/Podolsk/1993/0,5 (43)}) (16... g5 $5 {
Ftacnik /\Bd5 Sakaev}) 17. Qd3 Qe7 {N} (17... Bd5 $6 18. Bxd5 Qxd5 19. Bxf6
gxf6 20. Nc3 Qc4 21. Qe3 Kg7 22. Rad1 $16 {Polgar,Zs-Ioseliani,N/Monaco (m/3)
1993}) 18. Rfe1 Rfd8 {/\Bd5} (18... Nbd7 {Ftacnik} 19. Nf4 $5) 19. Ng3 $2 {
Ftacnik: Sokolov understands, that with quiet means his chances might not get
very real. In a flesh of inspiration he tries to apply some sacrificing skills.
} (19. Nc3 $5 {/\} Nc6 $2 20. Nd5 $16) (19. Rad1 {Ftacnik} Nc6) (19. Rad1 $142
$14 {Sokolov,I}) 19... g5 {After this reply a very messy position arises...} (
19... Nbd7 {Ftacnik} 20. Nh5 $13) 20. Bxe6 (20. Nf5 {Sokolov,I} Qf8 21. Bxe6
Ba6 $1 22. Ne7+ Kg7 $1) 20... fxe6 (20... gxh4 $2 {Ftacnik} 21. Qg6+ $18) 21.
Nf5 Qf8 (21... exf5 $2 {Ftacnik} 22. Rxe7 gxh4 23. Qxf5 $18) (21... Qh7 {
Ftacnik} 22. Rxe6 Ba6 23. Qb1 Rc1+ 24. Qxc1 Qxf5 25. Qc7 Rf8 26. Qe5 $14) (
21... Qd7 $2 {Sokolov,I} 22. Nxh6+ Kg7 23. Bxg5 Qxd4+ 24. Qxd4 Rxd4 25. Rxe6
$18) 22. Rxe6 Re8 $2 {Ftacnik: Asking for a perfection in defence among
mortals is simply too much, this art was mastered by very few great players.} (
22... gxh4 $2 23. Ne7+ Kf7 24. Rae1 Ne4 (24... Qg7 25. Nxc8 $18) (24... Be4 {
Sokolov,I} 25. R6xe4 $1 Nxe4 26. Qxe4 $18) 25. R6xe4 Bxe4 26. Qxe4 Kg7 27. Qxh4
$40 Re8 $2 28. Re6 $1 Rc1+ 29. Kf2 Rc2+ 30. Kf1 Rc1+ 31. Ke2 Rxe7 32. Rxe7+ Kh8
33. Qe4 $18) (22... Ba6 $1 {Fritz3} 23. Qe3 (23. Qd2 gxh4 24. Re7 Rd7 25. Rae1
Rcc7 26. Nxh6+ Kh8 27. Nf7+ Kh7 $19) (23. Qb1 gxh4 24. Ne7+ Kf7 25. Qf5 Qxe7
26. Rxe7+ Kxe7 $19) 23... gxh4 24. Nxh6+ (24. Ne7+ Kf7 {Ftacnik} 25. Nxc8 Rxc8
26. Re1) (24. Re7 Re8 25. Nxh6+ Kh8 26. Nf7+ Kh7 $19) 24... Kh8 25. Qf4 (25.
Qg5 {Sokolov,I} Rc6 $19 {Fritz3}) 25... Rc6 26. Rae1 Rxe6 27. Rxe6 Nbd7 28.
Qxh4 Re8 29. Nf7+ Kg7 $19) 23. Rxe8 Rxe8 (23... Nxe8 {Ftacnik} 24. Bg3 $13) 24.
Bg3 $44 {/\Bd6 /\ 25.Bd6} Rd8 $2 (24... Ba6 $1 25. Qb3+ Kh8 (25... Kh7 {Ftacnik
} 26. Rc1 $13) 26. Rc1 (26. Bd6 Qg8 $17) 26... Rc8 27. Re1 $44) (24... Nd5 {
Sokolov,I} 25. Nd6 Re7 26. Nxb7 $1 (26. Qg6+ Qg7 27. Qxg7+ Rxg7 28. Nf5 Nd7 29.
Nxg7 Kxg7 $14) 26... Rxb7 27. Qg6+ Qg7 (27... Kh8 28. Be5+) (27... Rg7 28. Qe6+
) 28. Qe6+ Qf7 29. Qc8+ $1 $18) 25. Re1 Nc6 (25... Ba6 {Ftacnik} 26. Qc2 $40)
26. Re6 {/\Bd6} Kh8 (26... Kf7 27. Qb3 (27. Bd6 {Ftacnik} Qh8 28. Qc4 $40)
27... Nxd4 (27... Na5 28. Re7+ Kg6 29. Qc2 $18) (27... Nd5 28. Rxh6 Nxd4 29.
Qd3 $40) 28. Nxd4 Rxd4 29. Rxb6+ Bd5 30. Rxf6+ Kxf6 31. Qc3 $18) (26... Rd7 {
Ftacnik} 27. Bd6 Qd8 28. d5 $18) 27. Nd6 $18 {With two P and a lot of activity
white clearly has ample compensation for his piece.} (27. Bd6 $2 {Sokolov,I}
Qf7 28. d5 Bc8 $1 29. Nxh6 Qg7 30. Nf5 Qf7) 27... Bc8 (27... Ba8 28. Qg6 $18) (
27... Rxd6 28. Rxd6 $18 (28. Rxd6 {Ftacnik} Qe7 29. Qc3 $18)) 28. Nxc8 Rxc8 29.
Qg6 Nxd4 (29... Ne7 {Ftacnik} 30. Qxf6+ Qxf6 31. Rxf6 $18) (29... Qg7 {Ftacnik}
30. Qxf6 Qxf6 31. Rxf6 $18) 30. Rxf6 (30. Qxf6+ $6 {Sokolov,I} Qxf6 31. Rxf6
Ne2+ 32. Kf2 Rc2 $132) 30... Ne2+ (30... Rc1+ {Ftacnik} 31. Kf2 Rc2+ 32. Qxc2
$1 (32. Kf1 Rc1+ 33. Be1 Rxe1+ 34. Kxe1 Qe7+ 35. Kd2 Qe2+ 36. Kc3 Nb5+ $132) (
32. Ke3 $2 Qe7+ 33. Kxd4 Rd2+ 34. Kc3 Qe3+ 35. Kb4 Rxb2+ $19) 32... Qxf6 33.
Qc8+ Kh7 34. Qc7+ Kg6 35. Be5 Ne6 36. Bxf6 Nxc7 37. Be5 $16) 31. Kf1 Nxg3+ 32.
hxg3 Qg7 (32... Rc1+ 33. Ke2 Qe7+ (33... Rc2+ {Sokolov,I} 34. Kd1 $18) 34. Re6
$18) 33. Qf5 (33. Qxh6+ {Ftacnik} Qxh6 34. Rxh6+ Kg7 35. Rd6 $18) (33. Qf5 {
Ftacnik} Rd8 (33... Rc1+ 34. Kf2 Rc2+ 35. Kg1 $18) 34. Qe6 $18) 1-0